| 000 | 02401nam a2200385Ia 4500 | ||
|---|---|---|---|
| 001 | ebr5000258 | ||
| 003 | CaPaEBR | ||
| 006 | m u | ||
| 007 | cr cn||||||||| | ||
| 008 | 000406s2000 ne a sb 101 0 eng d | ||
| 010 | _z 00039744 | ||
| 020 | _z1556192118 (alk. paper) | ||
| 020 | _z9027238863 (Eur.) | ||
| 040 |
_aCaPaEBR _cCaPaEBR |
||
| 035 | _a(OCoLC)70769169 | ||
| 050 | 1 | 4 |
_aP299.C59 _bC66 2000eb |
| 082 | 0 | 4 |
_a415 _221 |
| 245 | 0 | 0 |
_aComplementation _h[electronic resource] : _bcognitive and functional perspectives / _cedited by Kaoru Horie. |
| 260 |
_aAmsterdam ; _aPhiladelphia : _bJ. Benjamins Pub. Co., _cc2000. |
||
| 300 |
_a241 p. : _bill. |
||
| 490 | 1 |
_aConverging evidence in language and communication research, _x1566-7774 ; _vv. 1 |
|
| 500 | _aProceedings from the 5th International Cognitive Linguistics Conference, held in July 1997 at Vrije Universiteit, Amsterdam, Netherlands. | ||
| 504 | _aIncludes bibliographical references and indexes. | ||
| 505 | 0 |
_tComplementation in Japanese and Korean : a contrastive and cognitive linguistic approach/ _rKaoru Horie-- _tDe dicto complementation in Japanese/ _rSatoko Suzuki-- _tVariation in complementation constructions : long-distance agreement in Tsez/ _rMaria Polinsky-- _tConstrual and complementation in French : the perspective dimension/ _rMichel Achard-- _tNominalization as complementation in Bella Coola and Lushootseed/ _rDavid Beck-- _tCognitive constraints on complement clause cliticization in Spanish/ _rNicole Delbecque-- _tIconicity in English complement constructions : conceptual distance and cognitive processing levels/ _rMarjolijn Verspoor. |
|
| 533 |
_aElectronic reproduction. _bPalo Alto, Calif. : _cebrary, _d2013. _nAvailable via World Wide Web. _nAccess may be limited to ebrary affiliated libraries. |
||
| 650 | 0 |
_aGrammar, Comparative and general _xComplement _vCongresses. |
|
| 650 | 0 |
_aCognitive grammar _vCongresses. |
|
| 650 | 0 |
_aFunctionalism (Linguistics) _vCongresses. |
|
| 655 | 7 |
_aElectronic books. _2local |
|
| 700 | 1 | _aHorie, Kaoru. | |
| 710 | 2 | _aebrary, Inc. | |
| 711 | 2 |
_aInternational Cognitive Linguistics Conference _n(5th : _d1997 : _cAmsterdam, Netherlands) |
|
| 830 | 0 |
_aConverging evidence in language and communication research ; _vv. 1. |
|
| 856 | 4 | 0 |
_uhttp://site.ebrary.com/lib/rucke/Doc?id=5000258 _zAn electronic book accessible through the World Wide Web; click to view |
| 999 |
_c2732 _d2732 |
||